000 00747nam a2200229 a 4500
001 BRCA_5612
005 20190320205143.0
008 210211s1920----nyua######---#001-0#eng-#
041 _aeng
044 _anyu
050 4 _aNA1304
_b.W45 1920
100 1 _aWhittlesey, Austin
_914302
245 1 0 _aThe Renaissence architecture of Central and Northern Spain
_ba collection of photographs and measured drawings
_cby Austin Whittlesey.
260 _aNueva York
_bArchitectural Book Publishing
_c1920
300 _axii p.
_bil., 121 láminas
_c32 cm.
500 _aIncluye índice de láminas
500 _aF90
650 1 4 _aArquitectura
_xHistoria
_zEspaña
_914303
650 1 4 _aArquitectura renacentista
_914304
902 _aGFM
942 _2lcc
_cB
999 _c5306
_d5306